LEADER 00807nas a2200193 4500 001 000000360495 003 CaOOAMICUS 005 20241029143436.0 008 241029c20199999it zx 0 0ita r 040 $aSeMil$bita 245 00$aMadri della fede$h[generale di collana]. 264 1$aCinisello Balsamo :$bSan Paolo,$c2019- 300 $av. ;$c21 cm 830 0$aMadri della fede.$0(OLS)http://semarc/title/442424 850 $aSeMil 852 $aSeMil$W1$xVenegono$y1$mVedi "Titolo uniforme di collana" per le collocazioni dei singoli volumi$j222888$qSottoscrizione aperta$B251504$CSeMilBibl$Z2$F251504 $81 996 $6245$aMadri della fede$h[generale di collana]$9(OLS)http://semarc/title/451002 996 $6264$aCinisello Balsamo :$bSan Paolo$9(OLS)http://semarc/publisher/30129 LEADER 00868nam a2200181 i 4500 001 000000251595 003 CaOOAMICUS 005 20161122000000.0 008 161122s1841 it u000 u ita u 013 $a230500 040 $aSeMil$bita 245 10$aIndice alfabetico. 250 $a2. ed. italiana eseguita su quella pubblicata a Parigi / per cura del signor Dupin ... 300 $a236 p. 773 0 $aPothier, Robert Joseph <1699-1772>$tOpere di G. R. Pothier contenenti i trattati del diritto francese.$dLivorno : Tipografia Vignozzi, 1835-1841.$b1. ed. italiana eseguita su quella pubblicata a Parigi da Dupin Seniore con l'aggiunta d'una dissertazione sulla vita e sulle opere ...$w()5597 850 $aSeMil 852 $aSeMil$W1$xVenegono$y1$m3M IV 32 FA$j201941$B201941$CSeMilBibl$Z2$F214350 $8I 996 $6245$aIndice alfabetico$9(OLS)http://semarc/title/322666